000 00528nam a22002177a 4500
003 UA-OsUOA
001 34278
007 ta
008 20050927b un ||||| |||| 00| 0 ukr d
100 _aБорохов Э.
942 _cBK
040 _aUA-OsUOA
_brus
_cUA-OsUOA
_dUA-OsUOA
245 _aЭнциклопедия Афоризмов (Мысль в Слове)
300 _a720 с.
955 _a2
041 _arus
020 _a5-237-00874-7
260 _aМ.
_bФирма
_c2000
650 7 _2UDC
999 _c320687
_d320687